| 000 | 00494nam a22001817a 4500 | ||
|---|---|---|---|
| 005 | 20251108173043.0 | ||
| 008 | 250721s2004 xx 000 0 ara d | ||
| 082 | 1 | 4 | _a411.413/يوس |
| 100 | 1 | _aيوسف، جودت جودة | |
| 245 | 1 | 0 | _aقواعد خط الرقعة / |
| 264 | 1 |
_aعمان : _bالمؤلف، _c2004. |
|
| 300 | _a60 ص | ||
| 650 | 1 | 7 | _aاللغة العربية |
| 650 | 1 | 7 | _aالخط العربي |
| 650 | 1 | 7 | _aخط الرقعة |
| 942 |
_2ddc _cBK |
||
| 999 |
_c94996 _d94996 |
||